000 00494 a2200157 4500
001 61568
020 _a
040 _cAnchieta - Pituba
100 _aFerri, Mário Guimarães
240 1 0 _aDiversidade animal
_lpor
245 1 0 _aDiversidade animal
300 _a157
362 0 _a1973
650 4 _aRecursos biológicos ( biodiversidade, biosfera / espécies raras e em extinção /plantas, animais, invertebrados, corais, peixes, répteis e anfíbios, pássaros, mamíferos)
942 _cBK
999 _c61568
_d61568